Custom builder.

Bibliographic Details
New Title:Custom home
Previous Title:Progressive builder (Peterborough, N.H. : 1986)
Format: Journal
Language:English
Published: [Peterborough, N.H.] : [Willows Pub. Group], [1987-1999]
Subjects:
Online Availability: Check for online availability

MARC

Tag First Indicator Second Indicator Subfields
LEADER 00000cas a2200000 a 4500
001 in00000009756
005 20151007051543.0
008 870821d19871999nyubr1p 0 a0eng d
010 |a  88659744   |z sn 87002539  
022 0 |a 0895-2493 
032 |a 332570  |b USPS 
035 |a (OCoLC)16520871 
035 |9 AAA3580AM 
040 |a NSD  |c NSD  |d AGL  |d DLC  |d NST  |d COO  |d IUL  |d NST  |d DLC  |d NST  |d NSD  |d NST  |d IUL  |d HUL  |d NST  |d NSD  |d NST  |d IUL  |d TXA  |d UtOrBLW 
042 |a nsdp  |a lc 
049 |a TXAE 
050 0 0 |a TJ810  |b .S4866 
090 |a TJ810  |b .S58 
210 0 |a Cust. build. 
222 0 |a Custom builder 
245 0 0 |a Custom builder. 
264 1 |a [Peterborough, N.H.] :  |b [Willows Pub. Group],  |c [1987-1999] 
264 4 |c [©1987-1999] 
300 |a volumes :  |b illustrations ;  |c 28 cm. 
310 |a Bimonthly,  |b v. 6, no. 2 (1991)- 
321 |a Monthly,  |b 1987-v. 6, no. 1 (1991) 
336 |a text  |b txt  |2 rdacontent 
337 |a unmediated  |b n  |2 rdamedia 
338 |a volume  |b nc  |2 rdacarrier 
362 0 |a Vol. 2, no. 10 (Oct. 1987)-v. 14, no. 2 (Mar./Apr. 1999). 
500 |a Title from cover. 
500 |a Imprint varies; New York, N.Y. : Miller Freeman, -1999. 
510 1 |a Applied science & technology index  |x 0003-6986  |b -1990 
580 |a Absorbed by: Custom home. 
650 0 |a Solar energy  |v Periodicals. 
650 0 |a Architect-designed houses  |x Design and construction  |x Periodicals. 
650 0 |a Building  |v Periodicals. 
780 0 0 |t Progressive builder (Peterborough, N.H. : 1986)  |x 0888-9171  |w (DLC) 86645155  |w (OCoLC)13751092 
785 1 4 |t Custom home  |x 1055-3479  |w (DLC) 91658611  |w (OCoLC)23157810 
999 |a MARS 
999 f f |s 38a514df-77ac-3850-bebb-8ac64064ec49  |i f2e1ea15-32b4-375f-befc-00b1d603a58c  |t 0 
952 f f |p ric  |a Texas A&M University  |b Rellis Campus  |c Joint Library Facility  |d Remote Storage  |t 0  |e TJ810 .S58  |h Library of Congress classification  |i unmediated -- volume  |k v.3  |l 1988  |m A14811790461 
952 f f |p ric  |a Texas A&M University  |b Rellis Campus  |c Joint Library Facility  |d Remote Storage  |t 0  |e TJ810 .S58  |h Library of Congress classification  |i unmediated -- volume  |k v.10:no.4 -v.10:no.7  |l 1995-1995  |m A14819923107 
952 f f |p ric  |a Texas A&M University  |b Rellis Campus  |c Joint Library Facility  |d Remote Storage  |t 0  |e TJ810 .S58  |h Library of Congress classification  |i unmediated -- volume  |k v.14:no.1 -v.14:no.2  |l 1999-1999  |m A14824957501 
952 f f |p ric  |a Texas A&M University  |b Rellis Campus  |c Joint Library Facility  |d Remote Storage  |t 0  |e TJ810 .S58  |h Library of Congress classification  |i unmediated -- volume  |k v.4:no.7 -v.4:no.12  |l 1989-1989  |m A14812064601 
952 f f |p ric  |a Texas A&M University  |b Rellis Campus  |c Joint Library Facility  |d Remote Storage  |t 0  |e TJ810 .S58  |h Library of Congress classification  |i unmediated -- volume  |k v.8:no.4 -v.8:no.6  |l 1993-1993  |m A14819884183 
952 f f |p ric  |a Texas A&M University  |b Rellis Campus  |c Joint Library Facility  |d Remote Storage  |t 0  |e TJ810 .S58  |h Library of Congress classification  |i unmediated -- volume  |k v.10:no.1 -v.10:no.3  |l 1995-1995  |m A14819923597 
952 f f |p ric  |a Texas A&M University  |b Rellis Campus  |c Joint Library Facility  |d Remote Storage  |t 0  |e TJ810 .S58  |h Library of Congress classification  |i unmediated -- volume  |k v.7:no.4 -v.7:no.6  |l 1992-1992  |m A14819884222 
952 f f |p ric  |a Texas A&M University  |b Rellis Campus  |c Joint Library Facility  |d Remote Storage  |t 0  |e TJ810 .S58  |h Library of Congress classification  |i unmediated -- volume  |k v.13:no.4 -v.13:no.7  |l 1998-1998  |m A14824957404 
952 f f |p ric  |a Texas A&M University  |b Rellis Campus  |c Joint Library Facility  |d Remote Storage  |t 0  |e TJ810 .S58  |h Library of Congress classification  |i unmediated -- volume  |k v.12:no.1 -v.12:no.3  |l 1997-1997  |m A14823514164 
952 f f |p ric  |a Texas A&M University  |b Rellis Campus  |c Joint Library Facility  |d Remote Storage  |t 0  |e TJ810 .S58  |h Library of Congress classification  |i unmediated -- volume  |k v.11:no.4 -v.11:no.7  |l 1996-1996  |m A14820949695 
952 f f |p ric  |a Texas A&M University  |b Rellis Campus  |c Joint Library Facility  |d Remote Storage  |t 0  |e TJ810 .S58  |h Library of Congress classification  |i unmediated -- volume  |k v.11:no.1 -v.11:no.3  |l 1996-1996  |m A14820949645 
952 f f |p ric  |a Texas A&M University  |b Rellis Campus  |c Joint Library Facility  |d Remote Storage  |t 0  |e TJ810 .S58  |h Library of Congress classification  |i unmediated -- volume  |k v.4:no.1 -v.4:no.6  |l 1989-1989  |m A14812064554 
952 f f |p ric  |a Texas A&M University  |b Rellis Campus  |c Joint Library Facility  |d Remote Storage  |t 0  |e TJ810 .S58  |h Library of Congress classification  |i unmediated -- volume  |k v.9:no.1 -v.9:no.3  |l 1994-1994  |m A14819923490 
952 f f |p ric  |a Texas A&M University  |b Rellis Campus  |c Joint Library Facility  |d Remote Storage  |t 0  |e TJ810 .S58  |h Library of Congress classification  |i unmediated -- volume  |k v.6  |l 1991  |m A14815694780 
952 f f |p ric  |a Texas A&M University  |b Rellis Campus  |c Joint Library Facility  |d Remote Storage  |t 0  |e TJ810 .S58  |h Library of Congress classification  |i unmediated -- volume  |k v.5:no.7 -v.5:no.12  |l 1990-1990  |m A14814671153 
952 f f |p ric  |a Texas A&M University  |b Rellis Campus  |c Joint Library Facility  |d Remote Storage  |t 0  |e TJ810 .S58  |h Library of Congress classification  |i unmediated -- volume  |k v.2:no.10 -v.2:no.12  |l 1987-1987  |m A14811384359 
952 f f |p ric  |a Texas A&M University  |b Rellis Campus  |c Joint Library Facility  |d Remote Storage  |t 0  |e TJ810 .S58  |h Library of Congress classification  |i unmediated -- volume  |k v.12:no.4 -v.12:no.6  |l 1997-1997  |m A14823514211 
952 f f |p ric  |a Texas A&M University  |b Rellis Campus  |c Joint Library Facility  |d Remote Storage  |t 0  |e TJ810 .S58  |h Library of Congress classification  |i unmediated -- volume  |l 1993:Nov.:Suppl.  |m A14819923945 
952 f f |p ric  |a Texas A&M University  |b Rellis Campus  |c Joint Library Facility  |d Remote Storage  |t 0  |e TJ810 .S58  |h Library of Congress classification  |i unmediated -- volume  |k v.9:no.4 -v.9:no.6  |l 1994-1994  |m A14819923547 
952 f f |p ric  |a Texas A&M University  |b Rellis Campus  |c Joint Library Facility  |d Remote Storage  |t 0  |e TJ810 .S58  |h Library of Congress classification  |i unmediated -- volume  |k v.8:no.1 -v.8:no.3  |l 1993-1993  |m A14819884133 
952 f f |p ric  |a Texas A&M University  |b Rellis Campus  |c Joint Library Facility  |d Remote Storage  |t 0  |e TJ810 .S58  |h Library of Congress classification  |i unmediated -- volume  |k v.13:no.1 -v.13:no.3  |l 1998-1998  |m A14824957608 
952 f f |p ric  |a Texas A&M University  |b Rellis Campus  |c Joint Library Facility  |d Remote Storage  |t 0  |e TJ810 .S58  |h Library of Congress classification  |i unmediated -- volume  |k v.7:no.1 -v.7:no.3  |l 1992-1992  |m A14819884175 
952 f f |p ric  |a Texas A&M University  |b Rellis Campus  |c Joint Library Facility  |d Remote Storage  |t 0  |e TJ810 .S58  |h Library of Congress classification  |i unmediated -- volume  |k v.5:no.1 -v.5:no.6  |l 1990-1990  |m A14814660584 
952 f f |p ric  |a Texas A&M University  |b Rellis Campus  |c Joint Library Facility  |d Remote Storage  |t 0  |e TJ810 .S58  |h Library of Congress classification  |i unmediated -- volume  |l 1994:Fall:Suppl.  |m A14819923898 
998 f f |a TJ810 .S58  |s v.14:no.1-2 (1999:Jan./Feb.-Mar./Apr.)  |t 0  |l Remote Storage